Low birthweight (Бичлэгийн дугаар. 145153)
| 000 -УДИРДЛАГА | |
|---|---|
| Удирдлага | 01317nam a22003017a 4500 |
| 003 - ХЯНАЛТЫН ТОО ТОДОРХОЙЛОГЧ | |
| Код | MN-UlNUM |
| 005 - БИЧИЛТ ХИЙСЭН ОГНОО | |
| Тухайн бичилтийг бичсэн засварласан сүүлийн огноо | 20251113090807.0 |
| 008 - ЕРӨНХИЙ МЭДЭЭЛЭЛ | |
| Ерөнхий мэдээлэл | 251030s2004 nyu |00 | eng d |
| 020 ## - ISBN | |
| ISBN | 9280638327 |
| -- | 9280638325 |
| 040 ## - БИЧЛЭГ ҮҮСГЭГЧ БАЙГУУЛЛАГА | |
| Бичлэг үүсгэгч номын сангийн код | МУИС-ийн номын сан |
| 084 ## - ББК АНГИЛАЛ | |
| Нэмэлт тусгалт | Бусад |
| ББК ангилал | 52.5 |
| Зохиогчийн гурван тэмдэгт | L 94 |
| Мэдлэгийн ялгаа | 5 - Эрүүлийг хамгаалах анагаах |
| 110 ## - ЭРХЛЭН ГАРГАСАН /БАЙГУУЛЛАГА/ | |
| Эрхлэн гаргасан байгууллага | UNICEF |
| 245 ## - ҮНДСЭН ГАРЧИГ | |
| Номын нэр | Low birthweight |
| Бага гарчгийн мэдээ | Country, regional and global estimates |
| Оролцогчдын тухай мэдээ | prepared by Tessa Wardlaw |
| 260 ## - ГАРАЛТЫН МЭДЭЭ | |
| Хэвлэгдсэн газар | Geneva |
| Хэвлэлийн газар | WHO |
| Хэвлэгдсэн он | 2004 |
| 300 ## - МАТЕРИАЛЫН ТОДОРХОЙЛОЛТ | |
| хуудасны тоо | 27. : |
| Бусад тоон мэдээлэл | col. ill. ; |
| Хэмжээ | 28 cm. |
| 500 ## - Тайлбар | |
| Дансны дугаар | БС 3322-3326 |
| 505 ## - Агуулгын тэмдэглэгээ | |
| Агуулгын тэмдэглэгээ | The book highlights one of the major challenges in measuring low birth weight is that more than half of all babies in developing countries are not weighed. Previously, most estimates of low birth weight in developing countries were based on data collected from health facilities. However, these estimates are biased in developing countries because the majority of babies are not born in hospitals, and those born in hospitals are only a select sample of all births. |
| 546 ## - ХЭЛНИЙ ТУХАЙ МЭДЭЭ | |
| Хэл | Англи хэл дээр, |
| 653 ## - Түлхүүр үг | |
| Түлхүүр үг | premature infants |
| 653 ## - Түлхүүр үг | |
| Түлхүүр үг | infants |
| 653 ## - Түлхүүр үг | |
| Түлхүүр үг | birth weight |
| 740 ## - НОМЫН ГАРЧИГ | |
| Гарчиг | Causes and concequences of low birthweight |
| 740 ## - НОМЫН ГАРЧИГ | |
| Гарчиг | Low birthweight as an indicator |
| 740 ## - НОМЫН ГАРЧИГ | |
| Гарчиг | Measuring low birthweight |
| 740 ## - НОМЫН ГАРЧИГ | |
| Гарчиг | Analysis and interpretation |
| 942 ## - ЭЛЕМЕНТИЙН ТӨРӨЛ | |
| Зүйлийн төрөл | Ном |
